00658 2200229 4500001002100000005001500021035002000036007000300056008004100059020001800100082000800118084001400126100002200140245015100162250001100313260002900324300001900353650002300372990001100395990001100406990001100417INLIS00000000000382620190726091242 a0010-0719000244ta190726 g 0 ind  a9786029225402 a613 a613 ROI m0 aRoizen, Michael F1 aMenjadi Remaja Sehat :bPanduan remaja dan orang tua untuk kesehatan usia puber /cMichael F. Roizen, Mehmet C.Oz, M.D dan Ellen Rome, M.D., M.P.H aCet. 1 aBandung :bQanita,c2012 a415hlm ;c24cm 4aRemaja - Kesehatan a14597a a14597b a14597c